000 00638nam a2200217Ia 4500
008 191130s2006##################000#0#eng##
020 _a9780195308938
022 _a2009502249
040 _aACL
_cACL
082 _a153 ROS
100 _aRose, Steven P. R
245 _aThe future of the brain : the promise and perils of tomorrow's neuroscience
_cSteven Rose
250 _aOxford University Press
260 _aOxford
_bOxford University Press
_c2006
300 _aviii, 344 p. : ill. ; 24 cm
650 _aBrain
650 _aNeurosciences
990 _a910a1fdaac10000c175eac630ad518a0
991 _a204653
999 _c50026
_d50026